000 00879cam a2200289 a 4500
999 _c7493
_d7493
001 7493
003 BD-JhCC
005 20180210195124.0
008 841026s1985 nyua b 001 0 eng
020 _a0070651612 :
_c$33.95
035 _a(BD-JhCC)7493
040 _aDLC
_cDLC
_dDLC
_dBD-JhCC
041 _aeng
050 0 0 _aQA76.6
_b.T734 1985
082 0 0 _a001.64/2
_219
_bTRE 1985
100 1 _aTremblay, Jean-Paul,
_d1938-
245 1 4 _aThe theory and practice of compiler writing /
_cJean-Paul Tremblay, Paul G. Sorenson.
260 _aNew York :
_bMcGraw-Hill,
_cc1985.
300 _axix, 796 p. :
_bill. ;
_c25 cm.
440 0 _aMcGraw-Hill computer science series
504 _aIncludes bibliographies and indexes.
650 0 _aComputer programming.
650 0 _aCompilers (Computer programs)
700 1 _aSorenson, P. G.
942 _2ddc
_cBK